Colleges With most first round draft picks in the NFL - Statistics

General Stats
  • This quiz has been taken 169 times
  • The average score is 6 of 10
Answer Stats
1st rnd picks College % Correct
46 Alabama
98%
40 Ohio St
90%
30 Georgia
84%
17 Texas
84%
27 Florida
78%
25 Florida St
62%
20 Clemson
56%
32 Miami
55%
26 LSU and USC
2%
19 Oklahoma and Michigan
1%
No matching quizzes found
Score Distribution
Percent of People with Each Score
Percentile by Number Answered
Your Score History
You have not taken this quiz